000 01323nam a2200301Ia 4500
999 _c52850
_d52850
001 19880
003 GE_BSU
005 20200423233409.0
008 181216s1983||||ge |||||||||||||| ||geo||
040 _cGE_BSU
041 _ageo
080 _a811.353.1'367.625 ჯ-71
100 _aჯორბენაძე, ბესარიონ
_91214
245 _aზმნის ხმოვანპრეფიქსული წარმოება ქართულში /
_b ბესარიონ ჯორბენაძე ; რედ. : ა. კიზირია
260 _aთბილისი
260 _bთბილ. უნ-ტის გამ-ბა
260 _c1983
300 _a247 გვ. ;
_c21 სმ.
504 _aბიბლიოგრ. : გვ. 240-246
520 _aრეზ. რუს. ენაზე.
541 _h4ლ.
653 _aზმნა ქართულ ენაში
653 _aზმნის ხმოვანპრეფიქსული წარმოება ქართულში
653 _aქართული ენა
700 _aკიზირია, ა.
_eრედაქტორი
_97690
710 _aთსუ
_bახალი ქართული ენის კათედრა
_97973
942 _cBK
_2udc